De la gramatología (Registro nro. 33470)
[ vista simple ]
| 000 -ENCABEZADO | |
|---|---|
| Número de control [NR] | 00820nam a2200241Ia 4500 |
| 008 - DE LONGITUD FIJA DE DATOS DE ELEMENTOS - INFORMACIÓN GENERAL | |
| Elementos de longitud fija [NR] | 130821s2000 mx gr spa |
| 020 ## - NUMERO INTERNACIONAL NORMALIZADO PARA LIBROS [R] | |
| Número Internacional Normalizado del libro [NR] | 9682301823 |
| 040 ## - FUENTE DE CATALOGACION [NR] | |
| Agencia de catalogación original [NR] | Co-BoUCM |
| Idioma de catalogación [NR] | spa |
| 041 00 - CODIGO DE IDIOMA [R] | |
| Código de idioma para texto/pista de sonido o título separado [R] | Español |
| 100 1# - ASIENTO PRINCIPAL--NOMBRE PERSONAL [NR] | |
| Nombre personal [NR] | Derrida, Jacques |
| Fechas asociadas con el nombre [NR] | 1930- |
| ID Autoridad | 62902 |
| 245 10 - MENCION DE TITULO [NR] | |
| Título [NR] | De la gramatología |
| Mención de responsabilidad, etc. [NR] | Jacques Derrida, traducción de Oscar del Barco y Conrado Ceretti. |
| 250 ## - MENCION DE EDICION [NR] | |
| Mención de edición [NR] | 6a. ed. |
| 260 ## - PUBLICACION, DISTRIBUCION, ETC. (PIE DE IMPRENTA) [R] | |
| Lugar de publicación, distribución, etc. [R] | México D.F. (México) |
| Nombre del editor, distribuidor, etc. [R] | Siglo XXI |
| Fecha de publicación, distribución, etc. [R] | 2000 |
| 300 ## - DESCRIPCION FISICA [R] | |
| Extensión [R] | xviii, 397 páginas |
| 650 04 - ASIENTO SECUNDARIO DE MATERIA - TERMINO TEMATICO [R] | |
| Término temático o nombre geográfico como elemento de entrada [NR] | Filosofía del lenguaje |
| 9 (RLIN) | 15796 |
| 650 04 - ASIENTO SECUNDARIO DE MATERIA - TERMINO TEMATICO [R] | |
| Término temático o nombre geográfico como elemento de entrada [NR] | Gramática comparada y general |
| 9 (RLIN) | 16517 |
| 650 04 - ASIENTO SECUNDARIO DE MATERIA - TERMINO TEMATICO [R] | |
| Término temático o nombre geográfico como elemento de entrada [NR] | Teoría lingüística |
| 9 (RLIN) | 440 |
| 700 1# - ASIENTO SECUNDARIO - NOMBRE PERSONAL [R] | |
| Nombre personal [NR] | Barco, Oscar del |
| Término de relación [R] | |
| 9 (RLIN) | 158546 |
| 700 1# - ASIENTO SECUNDARIO - NOMBRE PERSONAL [R] | |
| Nombre personal [NR] | Ceretti, Conrado |
| Término de relación [R] | |
| 9 (RLIN) | 158547 |
| 765 ## - ASIENTO DE IDIOMA ORIGINAL [R] | |
| Asiento principal [NR] | De la gramatologie |
| 942 ## - ELEMENTOS DE ENTRADA AGREGADOS (KOHA) | |
| Tipo de ítem principal el descrito en 300a | Libro |
| Tema principal | Lingüística |
| Edición | 6 |
| Parte restante de la signatura top. | D438d |
| Sistema de clasificación | DEWEY |
| Clasificación | 415 |
| Fecha de último préstamo | Total préstamos | Total Renewals | Signatura topográfica | Código de barras | Última vez visto | Volúmen / Fascículo | Ejemplar | Price effective from | Tipo de ítem | Perdido | Sistema de clasificación | Dañado | No prestable | Tipo de ítem específico | Suprimido | Ubicación habitual | Ubicación actual | Localización | Fecha de creación | Forma de adquisición | Costo |
|---|---|---|---|---|---|---|---|---|---|---|---|---|---|---|---|---|---|---|---|---|---|
| 05/11/2016 | 11 | 3 | 415 D438d | 100062104 | 05/12/2025 | 6a. Ed. | Ej.2 | 03/02/2013 | Libro | DEWEY | Libro | Claustro | Claustro | 2do piso | 28/02/2003 | Compra | 88000.00 |